| 000 | 00403nam a2200145Ia 4500 | ||
|---|---|---|---|
| 008 | 210210b1987 xxu||||| |||| 00| 0 eng d | ||
| 082 | _a304.8 CHEM | ||
| 100 | _aCHERUNILAM (Francis). | ||
| 245 | _aMigration. causes,correlates, consequences, trends & policies. Ed 1. | ||
| 250 | _a | ||
| 260 |
_aBombay. _bHimalaya Publishing House _c1987 |
||
| 300 | _ax,158 | ||
| 690 | _aPopulation | ||
| 906 | _a042749 | ||
| 999 |
_c92201 _d92201 |
||